| 000 | 02159nam a2200613 i 4500 | ||
|---|---|---|---|
| 001 | 35602 | ||
| 003 | KOSZ 005 | ||
| 005 | 20240405063108.0 | ||
| 008 | 230811s1995 pl a g 001 0bpol | ||
| 015 | _aUWD 1996/9103 | ||
| 020 | _a8390417537 | ||
| 035 | _a991004168569705066 | ||
| 035 | _a(PL-WaBN)b11105859-48omnis_nlop | ||
| 035 | _ab11105859 | ||
| 035 | _a(OCoLC)751329309 | ||
| 035 | _a(PL)b0000001110585 | ||
| 035 | _a(EXLNZ-48OMNIS_NETWORK)9910522350805606 | ||
| 040 |
_aWA N _cWA N _dKOSZ 005/RW |
||
| 045 |
_bd1939 _bd1945 |
||
| 046 | _k1995 | ||
| 080 | _a94(438).082 | ||
| 080 | _a94(438).082.21 | ||
| 080 | _a929-052(438) | ||
| 100 | 1 |
_aGruszczyński, Włodzimierz _d(1919- ) _eAutor |
|
| 245 | 1 | 0 |
_aOdwet - Jędrusie : _bpróba monografii / _cWłodzimierz Gruszczyński. |
| 250 | _aWydanie I. | ||
| 260 |
_aStaszów : _bStaszowskie Towarzystwo Kulturalne, _c1995. |
||
| 300 |
_a270 stron, [16] kart tablic : _bfaksy, fotografie, mapy, nuty, portrety ; _c21 cm. |
||
| 336 |
_aTekst _btxt _2rdacontent |
||
| 337 |
_aBez urządzenia pośredniczącego _bn _2rdamedia |
||
| 338 |
_aWolumin _bnc _2rdacarrier |
||
| 380 | _aKsiążki | ||
| 380 | _aLiteratura faktu, eseje, publicystyka | ||
| 388 | 1 | _a1901-2000 | |
| 388 | 1 | _a1989-2000 | |
| 490 | 1 |
_aBiblioteka Staszowska ; _v55 |
|
| 504 | _aBibliografia na stronach 240-243. Indeksy. | ||
| 600 | 1 | 7 |
_aJasiński, Władysław _d(1909-1943) _2DBN |
| 610 | 2 | 7 |
_aJędrusie (oddział partyzancki) _2DBN |
| 648 | 7 |
_a1901-2000 _2DBN |
|
| 648 | 7 |
_a1939-1945 _2DBN |
|
| 650 | 7 | _aII wojna światowa (1939-1945) | |
| 650 | 7 | _aRuch oporu | |
| 650 | 7 | _aWojna partyzancka | |
| 651 | 7 |
_aTarnobrzeg (woj. podkarpackie ; okolice) _2DBN |
|
| 655 | 7 |
_aBiografia _2DBN |
|
| 658 | _aBezpieczeństwo i wojskowość | ||
| 658 | _aHistoria | ||
| 710 | 2 |
_aStaszowskie Towarzystwo Kulturalne _4pbl |
|
| 830 | 0 |
_aBiblioteka Staszowska _v55 |
|
| 856 |
_uhttp://koha.tu.koszalin.pl/cgi-bin/koha/opac-detail.pl?biblionumber=35602 _yKatalog online BPK |
||
| 942 |
_2UKD _cKS |
||
| 999 |
_c35602 _d35602 |
||